Pokémon by Picture - Generation 2 - Statistics

General Stats
  • This quiz has been taken 65 times
  • The average score is 13 of 16
Answer Stats
Picture Answer % Correct
Cyndaquil
93%
Togepi
89%
Lugia
85%
Umbreon
85%
Celebi
82%
Marill
82%
Suicune
82%
Ampharos
80%
Totodile
80%
Bayleef
79%
Tyranitar
79%
Scizor
75%
Furret
74%
Heracross
74%
Wobbuffet
74%
Wooper
72%
No matching quizzes found
Score Distribution
Percent of People with Each Score
Percentile by Number Answered
Your Score History
You have not taken this quiz